<?xml version="1.0" encoding="UTF-8"?><?xml-stylesheet type="text/xsl" href="static/style.xsl"?><OAI-PMH xmlns="http://www.openarchives.org/OAI/2.0/" xmlns:xsi="http://www.w3.org/2001/XMLSchema-instance" xsi:schemaLocation="http://www.openarchives.org/OAI/2.0/ http://www.openarchives.org/OAI/2.0/OAI-PMH.xsd"><responseDate>2026-04-26T07:15:32Z</responseDate><request verb="GetRecord" identifier="oai:uvadoc.uva.es:10324/31426" metadataPrefix="marc">https://uvadoc.uva.es/oai/request</request><GetRecord><record><header><identifier>oai:uvadoc.uva.es:10324/31426</identifier><datestamp>2025-03-26T19:10:04Z</datestamp><setSpec>com_10324_1191</setSpec><setSpec>com_10324_931</setSpec><setSpec>com_10324_894</setSpec><setSpec>col_10324_1379</setSpec></header><metadata><record xmlns="http://www.loc.gov/MARC21/slim" xmlns:doc="http://www.lyncode.com/xoai" xmlns:xsi="http://www.w3.org/2001/XMLSchema-instance" xmlns:dcterms="http://purl.org/dc/terms/" xsi:schemaLocation="http://www.loc.gov/MARC21/slim http://www.loc.gov/standards/marcxml/schema/MARC21slim.xsd">
<leader>00925njm 22002777a 4500</leader>
<datafield tag="042" ind1=" " ind2=" ">
<subfield code="a">dc</subfield>
</datafield>
<datafield tag="720" ind1=" " ind2=" ">
<subfield code="a">Hernández Leo, Davinia</subfield>
<subfield code="e">author</subfield>
</datafield>
<datafield tag="720" ind1=" " ind2=" ">
<subfield code="a">Martínez Maldonado, Roberto</subfield>
<subfield code="e">author</subfield>
</datafield>
<datafield tag="720" ind1=" " ind2=" ">
<subfield code="a">Pardo, Abelardo</subfield>
<subfield code="e">author</subfield>
</datafield>
<datafield tag="720" ind1=" " ind2=" ">
<subfield code="a">Muñoz Cristobal, Juan Alberto</subfield>
<subfield code="e">author</subfield>
</datafield>
<datafield tag="720" ind1=" " ind2=" ">
<subfield code="a">Rodríguez Triana, María Jesús</subfield>
<subfield code="e">author</subfield>
</datafield>
<datafield tag="260" ind1=" " ind2=" ">
<subfield code="c">2018</subfield>
</datafield>
<datafield tag="520" ind1=" " ind2=" ">
<subfield code="a">The field of learning design studies how to support teachers in devising suitable activities for their students to learn. The field of learning analytics explores how data about students' interactions can be used to increase the understanding of learning experiences. Despite its clear synergy, there is only limited and fragmented work exploring the active role that data analytics can play in supporting design for learning. This paper builds on previous research to propose a framework (analytics layers for learning design) that articulates three layers of data analytics—learning analytics, design analytics and community analytics—to support informed decision‐making in learning design. Additionally, a set of tools and experiences are described to illustrate how the different data analytics perspectives proposed by the framework can support learning design processes.</subfield>
</datafield>
<datafield tag="024" ind2=" " ind1="8">
<subfield code="a">British Journal of Educational Technology, 2018 (in press)</subfield>
</datafield>
<datafield tag="024" ind2=" " ind1="8">
<subfield code="a">0007-1013</subfield>
</datafield>
<datafield tag="024" ind2=" " ind1="8">
<subfield code="a">http://uvadoc.uva.es/handle/10324/31426</subfield>
</datafield>
<datafield tag="024" ind2=" " ind1="8">
<subfield code="a">10.1111/bjet.12645</subfield>
</datafield>
<datafield tag="245" ind1="0" ind2="0">
<subfield code="a">Analytics for learning design: A layered framework and tools</subfield>
</datafield>
</record></metadata></record></GetRecord></OAI-PMH>